| 000 | 00556nam a2200181Ia 4500 | ||
|---|---|---|---|
| 003 | GCL | ||
| 008 | 140319s9999 xx 000 0 ara d | ||
| 040 |
_aGCL / _cGCL |
||
| 082 | 0 | 4 |
_a229.5 _bس ن |
| 100 | 1 | _aسيد القمنى | |
| 245 | 1 | 0 |
_aالنبى ابراهيم والتاريخ المجهول / _cسيد القمنى |
| 300 | _a192 ص | ||
| 490 |
_aالهيئة العامة للاستعلامات _v0 |
||
| 650 | 0 | 4 | _aالانبياء |
| 650 | 0 | 4 | _aقصص الانبياء |
| 650 | 0 | 4 | _aابراهيم عليه السلام |
| 942 |
_2ddc _cBK |
||
| 999 |
_c47092 _d47092 |
||